| 000 | 00444nam a2200181Ia 4500 | ||
|---|---|---|---|
| 008 | 230524s9999 xx 000 0 und d | ||
| 020 | _a8126509627 | ||
| 082 |
_a5.43 _bSIL |
||
| 100 | _aAbraham Silberschatz | ||
| 245 | 0 | _aOperating System Principles | |
| 250 | _a7TH | ||
| 260 |
_aSINGAPORE _bJohn Wiley _c2004 |
||
| 300 | _aXX;863 | ||
| 500 | _aQuantity Number: 53 | ||
| 650 | _aComp-Sc | ||
| 700 | _a Peter Baer Galvin | ||
| 942 | _cBK | ||
| 999 |
_c27643 _d27643 |
||